ՀՀ Գիտությունների ազգային ակադեմիայի հիմնարար գիտական գրադարան  =   Fundamental Scientific Library of NAS RA

Памятка электросварщика / (Record no. 525328)

MARC details
000 -LEADER
fixed length control field 00776nam a22002177a 4500
003 - CONTROL NUMBER IDENTIFIER
control field AM-YEHGA
005 - DATE AND TIME OF LATEST TRANSACTION
control field 20250617164511.0
008 - FIXED-LENGTH DATA ELEMENTS--GENERAL INFORMATION
fixed length control field 220322b ||||| |||| 00| 0 rus d
040 ## - CATALOGING SOURCE
Original cataloging agency AM-YeHGA
041 0# - LANGUAGE CODE
Language code of text/sound track or separate title rus
001 - CONTROL NUMBER
control field 1824938
090 ## - LOCALLY ASSIGNED LC-TYPE CALL NUMBER (OCLC); LOCAL CALL NUMBER (RLIN)
-- 532534
100 1# - MAIN ENTRY--PERSONAL NAME
Personal name Якобсон, Сергей Сергеевич.
245 10 - TITLE STATEMENT
Title Памятка электросварщика /
Statement of responsibility, etc. С. С. Якобсон ; Центр. нормативно-исслед. бюро "ЦНИБ".
250 ## - EDITION STATEMENT
Edition statement 3-е изд., перераб.
260 ## - PUBLICATION, DISTRIBUTION, ETC.
Place of publication, distribution, etc. Москва ;
-- Ленинград :
Name of publisher, distributor, etc. Госэнергоиздат,
Date of publication, distribution, etc. 1962
300 ## - PHYSICAL DESCRIPTION
Extent 113 с.,
Other physical details ил.
500 ## - GENERAL NOTE
General note На обл. авт. не указан
653 0# - INDEX TERM--UNCONTROLLED
Uncontrolled term Электросварка
942 ## - ADDED ENTRY ELEMENTS (KOHA)
Source of classification or shelving scheme Universal Decimal Classification
Koha item type Գրքեր / Books
Holdings
Withdrawn status Lost status Damaged status Not for loan Collection Home library Current library Date acquired Total checkouts Full call number Barcode Date last seen Price effective from Koha item type Public note
        General Fundamental Scientific Library Fundamental Scientific Library 22/03/2022   РII/72290 FL0675556 22/03/2022 22/03/2022 Գրքեր / Books 30 Days Loan


ՀՀ ԳԱԱ հիմնարար գիտական գրադարան
ՀՀ,Երևան 0019
Մարշալ Բաղրամյան 24/6
հեռախոս:(374-10) 52-47-50
Հետադարձ կապ

All site content, except where otherwise noted, is licensed under a
Creative Commons License